000 00537cam a2200217 4500
008 #DATE n2000 000 0 eng u
020 _a1859789927
022 _a01415875
035 _a(Sirsi) u119340
041 _aeng
050 _a690.026
245 _aBuilding law reports : 2000
260 _aLondon
_bLLP
_c2000
300 _ax,552p.
_c25cm.
350 _a0
650 _aBUILDING LAW REPORTS
650 _aCONSTRUCTION INDUSTRY
650 _aLAW REPORTS
690 _aBUILDING AND CONSTRUCTION-CASE LAW
942 _n0
999 _c102287
_d102287